| 000 | 00407nam a2200157Ia 4500 | ||
|---|---|---|---|
| 008 | 241127s9999||||xx |||||||||||||| ||und|| | ||
| 020 |
_a9780073375502 _c224224 |
||
| 040 |
_beng _cSSK Library _erda |
||
| 082 | _a620.00420285536/WOH | ||
| 100 | _a Terry T. Wohlers - | ||
| 245 | 0 | _aApplying Autocad 2012 | |
| 260 |
_b Mcgraw Hill _c©2012 |
||
| 942 |
_22ddc _cBOOK _nNo |
||
| 999 |
_c10737 _d10737 |
||
| 003 | OSt | ||
| 005 | 20241127152835.0 | ||